Batman A-Z - Statistics

General Stats
  • This quiz has been taken 146 times
  • The average score is 19 of 26
Answer Stats
Letter Hint Answer % Correct
B He broke the bat Bane
93%
A Butler for the Wayne family Alfred Pennyworth
92%
J Why so serious? Joker
92%
D Dual-personality attorney who flips his signature coin Harvey Dent
91%
Q Joker's partner in crime Harley Quinn
88%
G Oracle, Commissioner's daughter, Batgirl Barbara Gordon
85%
W Batman's secret identity Bruce Wayne
85%
P Villain who cares more about plants than humans (full villain name) Poison Ivy
85%
R Leader of the League of Shadows Ra's al Ghul
84%
O Penguin's real first name Oswald
82%
V Mr. Freeze's real name Victor
82%
K Jewel thief who dresses like a cat Selina Kyle
80%
T Daughter of the Leader of the League of Shadows Talia al Ghul
79%
L Actor who portrayed The Joker in "The Dark Knight" Heath Ledger
77%
N Riddler's real name, which can be a play on words Edward Nigma
76%
H Boyhood friend of Bruce, Tommy Elliot, became this villain Hush
76%
F Supplies Batman with his tech Lucius Fox
76%
C Serial killer who is obsessed with dates Calendar man
75%
U One of the Batman's most famous pieces of equipment Utility Belt
66%
Z Serial killer who has carved tally marks on his skin Victor Zsasz
65%
S Doctor who discovered Batman's true identity Hugo Strange
62%
I Nightclub owned by Penguin The Iceberg Lounge
60%
M Jervis Tetch Mad Hatter
57%
Y The story line featuring Batman just beginning his vigilantism Year One
44%
E Arkham Origins boss fight featuring this "shocking" villain Electrocutioner
35%
X Large red batarang that shoots out of the Batmobile in older comics: Batarang _ Batarang X
5%
No matching quizzes found
Score Distribution
Percent of People with Each Score
Percentile by Number Answered
Your Score History
You have not taken this quiz